Southville International School and Colleges
Your cart is empty.
  • Cart
  • Lists
    Public lists Eva Luna New books Lux_list list_1
    Your lists Log in to create your own lists
  • Log in to your account
  • Your cookies
  • Search history
Southville International School and Colleges
  • Advanced search
  • Recent comments
  • Most popular
  • Libraries

Log in to your account

Log in with GOOGLE


If you do not have an external account, but do have a local account, you can still log in:

  1. Home
  2. MARC view: The hare and the tortoise :
Normal view MARC view ISBD view

The hare and the tortoise : (Record no. 104444)

[ view plain ]
MARC details
000 -LEADER
fixed length control field 00708nam a2200181 a 4500
005 - DATE AND TIME OF LATEST TRANSACTION
control field 20140412111323.0
008 - FIXED-LENGTH DATA ELEMENTS--GENERAL INFORMATION
fixed length control field 001220s19uu xx 00 eng d
020 ## - INTERNATIONAL STANDARD BOOK NUMBER
International Standard Book Number 4-915249-63-8
050 ## - LIBRARY OF CONGRESS CALL NUMBER
Classification number ER
Item number Ha11fo 1989
100 ## - MAIN ENTRY--PERSONAL NAME
Personal name Hirata, Shogo
245 ## - TITLE STATEMENT
Title The hare and the tortoise :
Remainder of title aesop's fables /
Statement of responsibility, etc Shogo Hirata.
260 ## - PUBLICATION, DISTRIBUTION, ETC. (IMPRINT)
Place of publication, distribution, etc Tokyo :
Name of publisher, distributor, etc Joie, Inc,
Date of publication, distribution, etc 1989.
300 ## - PHYSICAL DESCRIPTION
Extent 1 v. (unp.) ; ill.
440 ## - SERIES STATEMENT/ADDED ENTRY--TITLE
Title Illustrated Fantasy Book for Children
520 ## - SUMMARY, ETC.
Summary, etc One day a tortoise was walking along the road, when a hare came hopping toward him. "Hi, Mr. Tortoise! You're walking slowly as usual, I see. Why do your walk slowly?" The hare teased.
650 ## - SUBJECT ADDED ENTRY--TOPICAL TERM
Topical term or geographic name as entry element Tortoise stories - Fiction
Holdings
Withdrawn status Lost status Damaged status Use restrictions Home library Current library Shelving location Date acquired Source of acquisition Total Checkouts Full call number Barcode Date last seen Price effective from Koha item type
        Elizalde Library Elizalde Library Easy Reading Section 12/20/2000     ER Ha11fo 1989 E7836 04/12/2014 04/12/2014 Books

The hare and the tortoise :

APA

Hirata S., . (1989). The hare and the tortoise. Tokyo: Joie, Inc.

Chicago

Hirata Shogo, . 1989. The hare and the tortoise. Tokyo: Joie, Inc.

Harvard

Hirata S., . (1989). The hare and the tortoise. Tokyo: Joie, Inc.

MLA

Hirata Shogo, . The hare and the tortoise. Tokyo: Joie, Inc. 1989.

  • Place hold
  • Print
  • Cite
  • Add to your cart (remove)
  • Save record
    BIBTEX Dublin Core MARCXML MARC (non-Unicode/MARC-8) MARC (Unicode/UTF-8) MARC (Unicode/UTF-8, Standard) MODS (XML) RIS
  • More searches
    Search for this title in:
    Other Libraries (WorldCat) Other Databases (Google Scholar) Online Stores (Bookfinder.com) Open Library (openlibrary.org)

Exporting to Dublin Core...

SOUTHVILLE LIBRARY

Southville International School and Colleges Library

1281 Tropical Ave. Cor. Luxembourg St., BF Homes International, Las Pinas City

Tel. No. 8256374 / 252358 Loc. 117/146

Powered by Koha